=LDR 00000nam 2200000 4500 =001 INLIS000000000012031 =005 20130612103558 =008 ***********************************Ind** =035 ##$$0010-061300000012031 =041 ##$$a Ind =082 ##$$a 510 =090 ##$$a 510, Chi d =100 ##$$a Chiang, Alpha C =245 ##$$a Dasar - dasar Matematika ekonomi, Alpha C. Chiang ; Diterjemahkan oleh Harun Affandi =260 ##$$a 1983 $b Jakarta =300 ##$$a 457 hlm., Ilus, 21 cm =650 ##$$a Matematika =700 ##$$a Affandi, Harun =850 ##$$a NBPNMAT